3 Biggest Cities per Country - Europe - Statistics

General Stats
  • This quiz has been taken 58 times
  • The average score is 75 of 120
Answer Stats
id Country Population Answer % Correct
fr-c France 10.94m Paris
100%
at-c Austria 2.02m Vienna
100%
gr-c Greece 3.14m Athens
98%
barcelona Spain 4.71m Barcelona
98%
de-c Germany 4.47m Berlin
98%
fi-c Finland 1.37m Helsinki
98%
gb-c United Kingdom 14.03m London
98%
es-c Spain 6.72m Madrid
98%
manchester United Kingdom 3.00m Manchester
98%
it-c Italy 4.22m Rome
98%
nl-c Netherlands 1.13m Amsterdam
96%
ie-c Ireland 1.26m Dublin
96%
hamburg Germany 2.62m Hamburg
96%
pt-c Portugal 2.27m Lisbon
96%
lu-c Luxembourg 115k Luxembourg City
96%
marseille France 1.63m Marseille
96%
by-c Belarus 1.99m Minsk
96%
ru-c Russia 13.14m Moscow
96%
cz-c Czechia 1.30m Prague
96%
stpetersburg Russia 5.59m Saint Petersburg
96%
bg-c Bulgaria 1.20m Sofia
96%
be-c Belgium 1.89m Brussels
94%
ro-c Romania 2.30m Bucharest
94%
hu-c Hungary 1.68m Budapest
94%
dk-c Denmark 1.39m Copenhagen
94%
istanbul Turkiye 15.30m Istanbul
94%
lyon France 1.71m Lyon
94%
no-c Norway 1.09m Oslo
94%
porto Portugal 1.70m Porto
94%
se-c Sweden 2.39m Stockholm
94%
pl-c Poland 1.86m Warsaw
94%
hr-c Croatia 663k Zagreb
94%
zurich Switzerland 1.47m Zürich
94%
kiev Ukraine 2.95m Kyiv
92%
milan Italy 5.04m Milan
92%
rotterdam Netherlands 868k Rotterdam
92%
al-c Albania 389k Tirana
92%
rs-c Serbia 1.68m Belgrade
90%
birmingham United Kingdom 2.92m Birmingham
90%
naples Italy 3.77m Naples
90%
is-c Iceland 239k Reykjavík
90%
lv-c Latvia 591k Riga
90%
ee-c Estonia 457k Tallinn
90%
valencia Spain 1.75m Valencia
90%
antwerp Belgium 984k Antwerp
88%
sk-c Slovakia 732k Bratislava
88%
geneva Switzerland 635k Geneva
88%
mk-c North Macedonia 526k Skopje
88%
lt-c Lithuania 602k Vilnius
88%
frankfurt Germany 1.80m Frankfurt am Main
86%
krakow Poland 806k Kraków
86%
ba-c Bosnia and Herzegovina 555k Sarajevo
86%
hague Netherlands 851k The Hague
86%
cy-c Cyprus 256k Nicosia
84%
md-c Moldova 532k Chișinău
82%
si-c Slovenia 290k Ljubljana
82%
cork Ireland 222k Cork
80%
gothenburg Sweden 1.04m Gothenburg
80%
malmo Sweden 748k Malmo
80%
saloniki Greece 802k Thessaloniki
80%
split Croatia 149k Split
74%
bergen Norway 293k Bergen
72%
graz Austria 305k Graz
72%
me-c Montenegro 179k Podgorica
70%
basel Switzerland 572k Basel
66%
brno Czechia 398k Brno
60%
linz Austria 213k Linz
60%
aarhus Denmark 301k Aarhus
58%
kharkiv Ukraine 1.42m Kharkiv
58%
liege Belgium 505k Liège
58%
lodz Poland 670k Łódź
54%
donetsk Ukraine 901k Donetsk
52%
kaunas Lithuania 304k Kaunas
50%
cluj Romania 286k Cluj-Napoca
48%
novisad Serbia 368k Novi Sad
46%
braga Portugal 846k Braga
44%
tiraspol Moldova 128k Tiraspol
44%
espoo Finland 320k Espoo
42%
limerick Ireland 102k Limerick
42%
odense Denmark 185k Odense
42%
plovdiv Bulgaria 329k Plovdiv
42%
tampere Finland 260k Tampere
42%
maribor Slovenia 97k Maribor
40%
nizhny Russia 1.24m Nizhny Novgorod
40%
rijeka Croatia 143k Rijeka
40%
stavanger Norway 239k Stavanger
40%
varna Bulgaria 318k Varna
40%
durres Albania 101k Durrës
36%
tartu Estonia 106k Tartu
36%
limassol Cyprus 195k Limassol
34%
ostrava Czechia 282k Ostrava
34%
banja Bosnia and Herzegovina 135k Banja Luka
32%
nis Serbia 178k Nis
32%
debrecen Hungary 199k Debrecen
30%
kosice Slovakia 285k Košice
30%
larnaca Cyprus 155k Larnaca
30%
patras Greece 215k Patras
28%
daugavpils Latvia 78k Daugavpils
26%
gomel Belarus 501k Gomel
26%
klaipeda Lithuania 159k Klaipėda
26%
iasi Romania 271k Iași
24%
szeged Hungary 158k Szeged
22%
edirne Turkiye 180k Edirne
18%
esch Luxembourg 33k Esch-sur-Alzette
16%
grodna Belarus 358k Grodna
16%
niksic Montenegro 65k Nikšić
14%
bitola North Macedonia 69k Bitola
12%
vlore Albania 66k Vlorë
12%
balti Moldova 102k Bălți
10%
budva Montenegro 27k Budva
10%
tekirdag Turkiye 186k Tekirdağ
10%
celje Slovenia 38k Celje
8%
differdange Luxembourg 24k Differdange
8%
kumanovo North Macedonia 75k Kumanovo
8%
presov Slovakia 174k Prešov
8%
tuzla Bosnia and Herzegovina 74k Tuzla
8%
liepaja Latvia 67k Liepāja
6%
narva Estonia 53k Narva
6%
kopavogur Iceland 39k Kópavogur
4%
hafnafjorour Iceland 30k Hafnarfjörður
2%
No matching quizzes found
Score Distribution
Percent of People with Each Score
Percentile by Number Answered
Your Score History
You have not taken this quiz